Vzplanutí /
Uloženo v:
| Série: | Detektiv Volf,
část 3 |
|---|---|
| Hlavní autor: | |
| Další autoři: | , |
| Médium: | E-audiokniha |
| Jazyk: | Czech |
| Vydáno: |
Praha :
Voxi,
2026
|
| Témata: | |
| Příbuzné jednotky: | Z cyklu::
Detektiv Volf |
| Tagy: |
Žádné tagy |
| LEADER | 04634nim a2201189 i 4500 | ||
|---|---|---|---|
| 001 | 313572 | ||
| 003 | CZ PrSKC | ||
| 005 | 20260601215746.0 | ||
| 007 | sd fungnnmmned | ||
| 008 | 260428s2026 xr nnnng f n cze | ||
| 015 | |a cnb003754561 | ||
| 020 | |a 9788074487095 : |c Kč 399,00 | ||
| 040 | |a ABA001 |b cze |e rda | ||
| 072 | 7 | |a 821.162.3-3 |x Česká próza |2 Konspekt | |
| 080 | |a 821.162.3-31 |2 MRF | ||
| 080 | |a (0:82-312.4) |2 MRF | ||
| 080 | |a (086.7)08 |2 MRF | ||
| 080 | |a (086.76) |2 MRF | ||
| 100 | 1 | |a Březina, Jiří, |d 1980- |7 xx0114321 |4 aut | |
| 245 | 1 | 0 | |a Vzplanutí / |c Jiří Březina |
| 264 | 1 | |a Praha : |b Voxi, |c 2026 | |
| 300 | |a 1 audiodisk (6 hod., 4 min.) ; |c 12 cm | ||
| 306 | |a 060400 | ||
| 336 | |a mluvené slovo |b spw |2 rdacontent | ||
| 337 | |a audio |b s |2 rdamedia | ||
| 338 | |a audiodisk |b sd |2 rdacarrier | ||
| 344 | |a digital |2 rdatr | ||
| 344 | |b optical |2 rdarm | ||
| 347 | |a audio soubor |2 rdaft | ||
| 347 | |b MP3 | ||
| 500 | |a Název z disku | ||
| 500 | |a Vydalo nakladatelství VOXI ve společnosti Albatros Media a.s. | ||
| 500 | |a Podle stejnojmenné knihy vydané nakladatelstvím Motto v roce 2019 | ||
| 500 | |a Nezkrácená audiokniha ve formátu MP3 | ||
| 511 | 0 | |a Čtou Jakub Saic a Kristýna Skružná | |
| 655 | 7 | |a české romány |7 fd133974 |2 czenas | |
| 655 | 7 | |a detektivní romány |7 fd132010 |2 czenas | |
| 655 | 7 | |a audioknihy |7 fd119452 |2 czenas | |
| 655 | 7 | |a kompaktní disky |7 fd201991 |2 czenas | |
| 655 | 9 | |a Czech fiction |2 eczenas | |
| 655 | 9 | |a detective novels |2 eczenas | |
| 655 | 9 | |a audiobooks |2 eczenas | |
| 655 | 9 | |a compact discs |2 eczenas | |
| 700 | 1 | |a Saic, Jakub, |d 1969- |7 xx0225636 |4 stl | |
| 700 | 1 | |a Skružná, Kristýna, |d 1993- |7 xx0284282 |4 stl | |
| 710 | 2 | |a Voxi (nakladatelství) |7 xx0342088 |4 pbl | |
| 787 | 0 | 8 | |i Z cyklu: |t Detektiv Volf |g 3 |
| 900 | |a ABA001 |b 20 | ||
| 044 | |a xr | ||
| 505 | 0 | 0 | |t 00_Prolog (3 min., 2 sek.) |
| 505 | 0 | 0 | |t 01_Kapitola 1 (8 min., 45 sek.) |
| 505 | 0 | 0 | |t 02_Kapitola 2 (5 min., 22 sek.) |
| 505 | 0 | 0 | |t 03_Kapitola 3 (8 min., 34 sek.) |
| 505 | 0 | 0 | |t 04_Kapitola 4 (6 min., 36 sek.) |
| 505 | 0 | 0 | |t 05_Kapitola 5 (7 min., 35 sek.) |
| 505 | 0 | 0 | |t 06_Kapitola 6 (6 min., 25 sek.) |
| 505 | 0 | 0 | |t 07_Kapitola 7 (7 min., 5 sek.) |
| 505 | 0 | 0 | |t 08_Kapitola 8 (5 min., 39 sek.) |
| 505 | 0 | 0 | |t 09_Kapitola 9 (6 min., 10 sek.) |
| 505 | 0 | 0 | |t 10_Kapitola 10 (10 min., 27 sek.) |
| 505 | 0 | 0 | |t 11_Kapitola 11 (8 min., 25 sek.) |
| 505 | 0 | 0 | |t 12_Kapitola 12 (3 min., 17 sek.) |
| 505 | 0 | 0 | |t 13_Kapitola 13 (6 min., 57 sek.) |
| 505 | 0 | 0 | |t 14_Kapitola 14 (8 min., 1 sek.) |
| 505 | 0 | 0 | |t 15_Kapitola 15 (9 min., 3 sek.) |
| 505 | 0 | 0 | |t 16_Kapitola 16 (6 min., 1 sek.) |
| 505 | 0 | 0 | |t 17_Kapitola 17 (5 min., 9 sek.) |
| 505 | 0 | 0 | |t 18_Kapitola 18 (8 min., 1 sek.) |
| 505 | 0 | 0 | |t 19_Kapitola 19 (8 min., 51 sek.) |
| 505 | 0 | 0 | |t 20_Kapitola 20 (7 min., 23 sek.) |
| 505 | 0 | 0 | |t 21_Kapitola 21 (6 min., 4 sek.) |
| 505 | 0 | 0 | |t 22_Kapitola 22 (6 min., 34 sek.) |
| 505 | 0 | 0 | |t 23_Kapitola 23 (9 min., 13 sek.) |
| 505 | 0 | 0 | |t 24_Kapitola 24 (5 min., 33 sek.) |
| 505 | 0 | 0 | |t 25_Kapitola 25 (5 min., 36 sek.) |
| 505 | 0 | 0 | |t 26_Kapitola 26 (7 min., 30 sek.) |
| 505 | 0 | 0 | |t 27_Kapitola 27 (9 min., 46 sek.) |
| 505 | 0 | 0 | |t 28_Kapitola 28 (4 min., 40 sek.) |
| 505 | 0 | 0 | |t 29_Kapitola 29 (5 min., 55 sek.) |
| 505 | 0 | 0 | |t 30_Kapitola 30 (6 min., 14 sek.) |
| 505 | 0 | 0 | |t 31_Kapitola 31 (5 min., 31 sek.) |
| 505 | 0 | 0 | |t 32_Kapitola 32 (8 min., 13 sek.) |
| 505 | 0 | 0 | |t 33_Kapitola 33 (5 min., 24 sek.) |
| 505 | 0 | 0 | |t 34_Kapitola 34 (10 min., 41 sek.) |
| 505 | 0 | 0 | |t 35_Kapitola 35 (6 min., 23 sek.) |
| 505 | 0 | 0 | |t 36_Kapitola 36 (5 min., 51 sek.) |
| 505 | 0 | 0 | |t 37_Kapitola 37 (11 min., 56 sek.) |
| 505 | 0 | 0 | |t 38_Kapitola 38 (9 min., 24 sek.) |
| 505 | 0 | 0 | |t 39_Kapitola 39 (7 min., 7 sek.) |
| 505 | 0 | 0 | |t 40_Kapitola 40 (7 min., 49 sek.) |
| 505 | 0 | 0 | |t 41_Kapitola 41 (13 min., 0 sek.) |
| 505 | 0 | 0 | |t 42_Kapitola 42 (10 min., 45 sek.) |
| 505 | 0 | 0 | |t 43_Kapitola 43 (9 min., 4 sek.) |
| 505 | 0 | 0 | |t 44_Kapitola 44 (6 min., 8 sek.) |
| 505 | 0 | 0 | |t 45_Kapitola 45 (6 min., 36 sek.) |
| 505 | 0 | 0 | |t 46_Kapitola 46 (5 min., 36 sek.) |
| 505 | 0 | 0 | |t 47_Kapitola 47 (5 min., 52 sek.) |
| 505 | 0 | 0 | |t 48_Kapitola 48 (8 min., 48 sek.) |
| 505 | 0 | 0 | |t 49_Epilog (5 min., 45 sek.) |
| 910 | |a RBIT002 | ||
| 998 | |d 426132 |a https://core.palmknihy.cz/api/books/426132/cover?td65sd |b https://core.palmknihy.cz/api/books/426132/cover/400?td65sd |c https://core.palmknihy.cz/api/books/426132/cover/50?td65sd |e 2035-12-31 |i 9788074487095 |l 21840 |q 49 |r 1 |s https://www.palmknihy.cz/kniha/426132 |t audiobook |y 2026 |z 0 |v Detektiv Volf |w 3 | ||
| 999 | |d 313570 | ||